000 02691nam a2200349Ia 4500
008 130821s1620 be gr lat
040 _aCo-BoUCM
_bspa
041 0 _alat
092 _aE21N004
100 1 _aFarinacci, Prospero
_d1554-1618
242 0 0 _aDecisiones de la Sagrada Rota Romana, tanto canónicas como civiles. Organizadas en dos partes. Se publican ahora por primera vez
_cPróspero Farinacci
_yspa
245 1 0 _aDN. Prosperi Farinacii ... Decisiones Sacrae Rotae Romanae cum canonicae tum civiles in duas partes distributae nec umqam hactenus editae.
246 1 3 _a[Próspero Farinacci ... Decisiones de la Sagrada Rota Romana, tanto canónicas como civiles. Organizadas en dos partes. Se publican ahora por primera vez]
260 _aAntuerpia (Bélgica)
_bapud Ioannem Keerbergium [Johannes Keerberger]
_c1620
300 _a[60], 659, [85] páginas
500 _aDetalles físicos: Encuadernación flexible en pergamino, piel manchada y arrugada. Conserva guardas, despegadas. Portada impresa a dos tintas con un grabado (Calcografía, de calidad con el lema latino: "Calienta y embellece"), firmado por Pedro Pablo Rubens. Dedicatoria a Francisco Enrique Van der Burch, arzobispo de Cambrai. Cartas-dedicatorias del autor, Aprobación de los censores. Texto impreso en dos columnas muy densas, con diversos tipos y tamaños de letra. Márgenes amplios. Párrafos numerados. Mayúsculas capitales. Signaturas y Reclamos. Papel con manchas de humedad. Deterioro en bordes de primeras y últimas hojas. En la portada anotaciones: "Doctor Don Ferdinando Lozano Infante". , otra en el el pie de imprenta: "Doctor Don Ferdinando Lozano Infante, jurisconsulto y procurador de Santa Fe y en la Real Audiencia ..."
500 _aincluye indice.
506 _aConsulta en sala.
520 _aEstudio y comentario de doscientas sentencias recientes del tribunal de la Sacra Rota Romana, relacionadas con diversos temas canónicos y con diversos casos sucedidos en distintas diócesis.
546 _aTexto en latín.
610 2 4 _aIglesia Católica
_bRota Romana
_xObras anteriores a 1700
_97705
650 0 4 _aDerecho canónico
_912710
650 0 4 _aDerecho canónico
_vSentencias
_xObras anteriores a 1700
_912710
650 0 4 _aDerecho canónico
_xObras anteriores a 1700
_912710
650 0 4 _aDerecho eclesiástico
_vSentencias
_xObras anteriores a 1700
_912757
650 0 4 _aDerecho eclesiástico
_xObras anteriores a 1700
_912757
650 0 4 _aTribunales eclesiásticos
_xObras anteriores a 1700
_925877
700 1 _aKeerberger, Johannes
_eed.
700 1 _aRubens, Pedro Pablo
_egrab.
942 _cLIBRO
_a4
_e1
_2DEWEY
_h262.9
999 _c37683
_d37683